Molière - Statistiques

Statistiques générales
  • Ce quiz a été pris 257 fois
  • Le résultat moyen est 17 sur 27
Statistiques - réponses
Question Réponse % Correct
Quel est le vrai nom de Molière? Jean-Baptiste Poquelin
96%
Quelle œuvre n’a pas été écrite par Molière mais par Corneille? Le Cid
90%
Molière créa une jeune troupe qui s'appelait? L’illustre théâtre
88%
Comment appelle-t-on un spectacle qui mêle théâtre, musique et danse ? Une Comédie-ballet
88%
Quel est la dernière pièce écrite par Molière? Le malade imaginaire
86%
Quelle pièce Molière était-il en train de jouer lorsqu'il fut pris de douleurs à la poitrine ? Le malade imaginaire
82%
Quel est le trait de caractère principal d'Harpagon, le héros créé par Molière dans sa pièce L'Avare ? Il est pingre
80%
En quel siècle est né Molière? XVII
80%
Que critique Molière dans ''L'École des femmes'' ? L'éducation des filles, maintenues dans l'ignorance et privées de liberté
78%
Pour certaines de ses pièces accompagnées de musique, quel était le compositeur qui les mettait en musique? Lully
75%
Qu’est ce qu’une farce? Une comédie comique en un seul acte
73%
À l'origine, Tartufo était un personnage de la comédie italienne. Molière a transformé ce nom en ''Tartuffe'' et l'a rendu tellement célèbre qu'il est devenu un nom commun. Qu'est-ce qu'un tartuffe ou tartufe ? Une personne hypocrite
73%
Quel âge avait Molière à sa mort? 51 ans
71%
Quel était le prénom de la femme de Molière? Armande Béjart
67%
Quel grand écrivain n'est pas contemporain de Molière ? Victor Hugo
65%
Où a-il était baptisé le 15 janvier 1622? L’église Saint-Eustache
63%
Dans quel cimetière est enterré Molière? Père Lachaise
61%
Quelle pièce lui a donné son premier succès à Paris? Les précieuses ridicules
59%
Où est mort Molière? Chez lui
49%
Une ville du sud de la France garde une trace de Molière. Laquelle? Pézenas
49%
À quoi est due la popularité de Molière? À la richesse de son oeuvre
45%
Quelles études approfondies Molière a-t-il fait? Droit
45%
Molière a dans plusieurs pièces donné ce prénom à un valet. Quel est ce prénom? Sganarelle
43%
Quel est le sous titre du Misanthrope? L’atrabilaire amoureux
39%
Molière n’eut pas d’enterrement religieux? Faux
31%
Molière a eut pour descendance: Une fille
31%
Molière a écrit une seule tragédie. Quelle était le titre de cette pièce? Dom gracie de Navarre
27%
Aucun quiz correspondant
Distribution des résultats
% des personnes avec chaque résultat
Percentile par nombre de réponses
Votre historique - résultats
Vous n’avez pas pris ce quiz